[Event "Oregon Open"]
[Site "Chess.com"]
[Date "2020.09.05"]
[Round "1"]
[White "Moore, Michael"]
[Black "Aleksandrov, Aleksej"]
[Result "0-1"]
[WhiteElo "1950"]
[BlackElo "2608"]
[Annotator "Ralph Dubisch"]
[PlyCount "108"]
[EventDate "2020.09.05"]
[EventType "swiss"]
[EventRounds "6"]

{[%evp 0,72,13,6,19,21,20,15,25,13,2,6,20,5,8,1,17,-25,-15,-15,13,9,18,-36,0,0,
0,0,-9,-10,-3,7,8,8,0,0,2,-34,-62,-53,-36,-57,-46,-46,-55,-62,-62,-71,-59,-55,
-7,-25,114,108,99,101,70,26,54,27,28,-32,-37,-89,-51,-110,-87,-91,-88,-114,
-112,-139,-139,-201,-182] Before all the sheltering-in-place, the number of
games submitted to the magazine tended to be manageable. I'd scan virtually
all of them, pick a few based on both chess appeal and editorial needs, and
annotate as space allowed. ^^Now, with all the games being played online and
automatically submitted, we have a pgn (portable game notation) file of
perhaps 1000 new games each month. Just playing over all these games for one
issue could bankrupt the games editor time budget for the entire year. ^^So I
need to apply new selection criteria. Since strong Grandmasters are annotating
their own games in NW events these days, I thought I'd focus on a non-master
who scores well and often manages to produce very interesting chess.} 1. e4 e5
2. Nf3 Nc6 3. Bb5 a6 4. Ba4 Nf6 5. O-O Be7 6. Re1 b5 7. Bb3 d6 8. c3 O-O 9. d4
(9. h3 {is the most common move, avoiding the ...Bg4 pin before attempting to
occupy the center, and leading to centuries of theory.}) 9... Bg4 10. Be3 Bh5 (
10... exd4 11. cxd4 Na5 12. Bc2 c5 (12... Nc4 13. Bc1 c5 14. b3) 13. h3 {
, etc. Tale as old as time...}) 11. d5 (11. h3) (11. Nbd2) 11... Na5 12. Bc2
Nc4 13. Bc1 c6 14. b3 ({I don't think White needs to expend a move (and create
slight queenside weaknesses) to drive away the knight here.} 14. dxc6 Qc7 15.
Nbd2) 14... Nb6 15. dxc6 Qc7 16. Nbd2 Qxc6 17. Bb2 a5 18. a4 $6 ({Perhaps an
overreaction to Black's queenside advance, creating permanent weaknesses.} 18.
Qe2 a4 19. Rab1 axb3 (19... a3 20. Ba1) 20. axb3 $15 {Black has a pleasant
game and clearly some initiative, but White looks solid.}) 18... bxa4 19. bxa4
Rab8 20. Bd3 Nxa4 21. Qxa4 Qxa4 22. Rxa4 Rxb2 23. Nc4 Rb3 24. Rc1 d5 $6 (24...
Bxf3 25. gxf3 (25. Nxa5 Bxe4 $1 26. Bxe4 Rb6 $17) 25... Rc8 26. Rxa5 Nh5 $15 {
. The weakness of c3 and Black's secured outpost on f4 offer an edge.}) 25.
exd5 e4 $6 (25... Nxd5 26. Nfxe5 Nxc3 27. Rxa5 {is heading to a no-win
situation. So Black enters the complications.}) ({Also} 25... Bxf3 26. d6 (26.
gxf3 Nxd5 27. Nxe5) 26... Bxd6 (26... Bc6 27. dxe7 Bxa4 28. exf8=Q+ Kxf8 29.
Nxa5) 27. Nxd6 Bd5 28. Rxa5 {leads nowhere.}) 26. Nfd2 $1 Rb5 (26... Rxc3 $5 {
would be complex, but ultimately no more successful:} 27. Rxc3 Bb4 28. Nxe4 $1
Nxe4 29. Rca3 $1 (29. Bxe4 Bxc3 30. d6 (30. Nxa5 f5 31. Bc2 Bxa5 32. Rxa5 Rc8
33. g4 $1 Bxg4 34. d6)) (29. Rc1 Nc3 30. Raa1 Be2 31. Nb2 Bxd3 32. Nxd3 Ne2+
33. Kf1 Nxc1 34. Rxc1 {is a tactical flurry leading to dead equality.}) 29...
Nc5 30. Nxa5 Bxa3 31. Rxa3 $14 {.}) 27. d6 $1 Bxd6 28. Nxe4 $2 ({Why not} 28.
Nxd6 $1 {, hitting the rook b5?} Rd5 29. N6xe4 Rxd3 ({or} 29... Nxe4 30. Bxe4
Rxd2 31. Rxa5 $16) 30. Nxf6+ gxf6 31. Rxa5 $16 {leaves White clearly ahead in
the ending, though Black may be able to grovel a draw eventually.}) 28... Bc7
29. Ne3 Re5 30. Ng3 $6 ({For some reason White now avoids exchanges, leading
to some awkward piece placements.} 30. Nxf6+ {should be completely equal:} gxf6
31. Ng4 Re6 (31... Bxg4 32. Rxg4+ Kh8 33. Rc4 (33. Rh4 Rd8 34. Rxh7+ $6 (34.
Bxh7) 34... Kg8 35. Rh3 (35. Bb1 $4 Red5 $19))) 32. Bf5 Rd6 33. Ne3) 30... Bg6
31. Bf1 (31. Bxg6 fxg6 {White really shouldn't have much trouble holding this
position either.}) 31... h5 32. Ba6 (32. Ne2 $15) 32... Nd7 33. Be2 Nc5 34. Ra3
Rb8 35. Nc4 Ree8 ({Black likely also considered} 35... Rxe2 36. Nxe2 Bd3 37.
Nxa5 Bxe2 {, and perhaps decided it could be difficult to convert with no
favorable pawn imbalance.}) 36. Bxh5 $2 (36. Bf1 a4 $17) 36... Bxg3 37. Bxg6
Bf4 38. Bxf7+ ({If the goal is to struggle on, removing the a5-pawn seems more
critical than taking f7.} 38. Rd1 fxg6 39. Rxa5 Ne4 40. g3 {. It's hard to
believe White has any real chances to survive, but at least there are still
some technical questions.}) 38... Kxf7 39. Rca1 a4 {The rest is, as they say,
a matter of technique, and the Grandmaster is quite up to the task.} 40. g3 Re4
41. Na5 Bc7 42. Nc6 Rb3 43. Nd4 Rxa3 44. Rxa3 Be5 45. Nc6 Bf6 46. Na5 Re1+ 47.
Kg2 Rc1 48. c4 Bb2 49. Rf3+ Kg6 50. Nc6 Bf6 51. Rf4 a3 52. Nb4 Rb1 53. Na2 Rb2
54. Nc1 Rc2 0-1

[Event "Oregon Open"]
[Site "Chess.com"]
[Date "2020.09.05"]
[Round "2"]
[White "Chang, Eddie"]
[Black "Moore, Michael"]
[Result "0-1"]
[WhiteElo "1887"]
[BlackElo "1950"]
[Annotator "Ralph Dubisch"]
[PlyCount "70"]
[EventDate "2020.09.05"]
[EventType "swiss"]
[EventRounds "6"]

{[%evp 0,70,25,26,18,-17,3,2,30,28,34,28,29,28,26,36,29,24,61,27,50,18,51,-5,
67,23,49,6,39,-32,-28,-2,6,-21,12,-4,-7,0,0,2,2,2,33,56,25,41,42,2,86,67,66,54,
55,0,23,0,-105,-127,-226,-614,-287,-282,-201,-388,-386,-488,-850,-863,-921,
-931,-29986,-29987,-677]} 1. d4 Nf6 2. c4 e6 3. Nc3 Bb4 4. Bd2 {A lesser line,
but not at all bad for White.} O-O 5. e3 d5 ({I'd probably try} 5... b6 {
instead. In general Black's b4-bishop is exerting indirect influence on the
e4-square, so if Black can achieve piece control in the center, that's a
success for the ...Bb4 pin. However, if Black sets up the ...e6/...d5 central
pawns, exchanging the dark bishop for a knight-c3 makes less positional sense.}
) 6. Nf3 c5 7. a3 Bxc3 8. Bxc3 b6 9. cxd5 (9. dxc5 bxc5 10. Bd3 $14) 9... exd5
$6 (9... Nxd5) 10. Rc1 (10. dxc5 bxc5 11. Bxf6 Qxf6 12. Qxd5 Qxb2 13. Rd1 $14 {
is an obscure tactically forcing line.}) 10... c4 11. Ne5 Bf5 12. Be2 Re8 13.
O-O Nbd7 14. f4 Ne4 15. g4 Nxc3 16. Rxc3 Be4 17. Bf3 Nf6 18. g5 Bxf3 19. Qxf3
Ne4 20. Rc2 b5 (20... f6 $5 21. gxf6 Qxf6 {is fairly balanced.}) 21. Rg2 a5 22.
Qh5 (22. f5 $1 Nxg5 (22... f6 23. gxf6 Nxf6 $14 (23... Qxf6 $2 24. Ng4 $18 {
followed by the can-opener f5-f6.})) 23. Qh5 f6 24. h4 $16 {White's attack
starts to look quite dangerous here.}) 22... g6 23. Qh6 Rxe5 $5 24. fxe5 $2 ({
While it's understandable that White wants to open the f-file, it is quite
difficult to get anything going along that line. The weakened g5-pawn, however,
begins to require major-piece support.} 24. dxe5 {is, therefore, stronger.} Qf8
{appears necessary to avoid problems with a rook-lift to the h-file.} 25. Qxf8+
Kxf8 26. Rd1 $16 {targeting d5, and slowing the mobile black pawn mass.}) 24...
b4 25. axb4 axb4 26. Rg4 ({Rg4 is not a mistake per se, but combined with the
plan of h4-h5 it turns out badly.} 26. h4 {is fine here, as White can force
through h5 and hxg6. For example} Qd7 27. h5 Qh3 28. hxg6 Qxe3+ 29. Kh2 fxg6
30. Qh3 {.}) 26... Ra7 27. h4 $2 {After this the queen never escapes from its
box, as White can't find the time to push it on to h5. The loose rook-g4 gives
Black extra time to infiltrate with major pieces.} (27. Rg2 $13) ({or} 27. Kh1
{.}) 27... Qc8 28. Rgf4 Qh3 29. R4f3 Qg4+ 30. Kh2 c3 31. e6 Qxe6 32. bxc3 Ra2+
33. Kh1 Qd6 34. Rf4 Ng3+ 35. Kg1 Nf5 (35... Nxf1 36. Kxf1 Qa6+ {is even
stronger, though it's hard to argue with a move that forces resignation!}) 0-1

[Event "Oregon Open"]
[Site "Chess.com"]
[Date "2020.09.06"]
[Round "3"]
[White "Moore, Michael"]
[Black "Seshadri, Sridhar"]
[Result "1-0"]
[WhiteElo "1950"]
[BlackElo "1626"]
[Annotator "Ralph Dubisch"]
[PlyCount "43"]
[EventDate "2020.09.05"]
[EventType "swiss"]
[EventRounds "6"]

{[%evp 0,43,18,5,75,81,81,44,56,47,70,72,78,78,91,65,77,80,65,63,64,-3,42,32,
84,85,85,115,203,98,98,58,77,45,0,43,425,374,513,513,29995,29996,29997,29998,
29999,-30000]} 1. e4 Nf6 2. e5 Nd5 3. d4 d6 4. Nf3 e6 {Not recommended. Black
needs to challenge White's center, and the c8-bishop should participate either
at f5, directly hitting center squares or on g4, pinning and contesting the
squares the f3-knight controls.} (4... Bg4 5. Be2 e6 {would make more sense.})
5. c4 Nb6 6. exd6 cxd6 7. Nc3 Be7 8. Bd3 Nc6 9. Qe2 $14 ({I'd prefer} 9. O-O {
, as I am not yet certain where the queen belongs.}) 9... O-O 10. h4 $5 {
Making 0-0 less secure, but setting a basic opening trap...} Bf6 $4 (10... e5
$1 {should lead to dynamic and roughly balanced possibilities. Sacs on h7
don't work here because Black can take, retreat to g8, and defend along the
diagonal with ...Bf5 when faced with the attack in the next note.}) 11. Bg5 $4
({If you're going to set up the tactic with h4, you should at least follow
through when the opponent allows the sacrifice. Completely winning is the
standard Greco-Roman} 11. Bxh7+ $1 Kxh7 12. Ng5+ Kg8 13. Qh5 Bxg5 (13... Re8 {
avoids mate for awhile, if you enjoy torturing yourself.} 14. Qxf7+ Kh8 15.
Nce4 Bxd4 16. Rh3 Ne7 17. Nxd6 Nf5 18. Nxe8 {, and it doesn't get any better.})
14. hxg5 f6 15. g6 {.}) 11... h6 (11... d5 12. c5 Nd7 $14) 12. Qe4 g6 13. Bxh6
d5 14. Qf4 (14. cxd5 exd5 15. Qf4 Re8+ 16. Kf1 $16) 14... e5 15. dxe5 Nxe5 16.
O-O-O Nxd3+ 17. Rxd3 Bg7 (17... Bf5 $16) 18. Bxg7 Kxg7 19. h5 Qf6 20. h6+ Kh7
21. Qxf6 Rg8 22. Ng5# 1-0

[Event "Oregon Open"]
[Site "Chess.com"]
[Date "2020.09.06"]
[Round "4"]
[White "Whale, Nicholas"]
[Black "Moore, Michael"]
[Result "1-0"]
[WhiteElo "2065"]
[BlackElo "1950"]
[Annotator "Ralph Dubisch"]
[PlyCount "101"]
[EventDate "2020.09.05"]
[EventType "swiss"]
[EventRounds "6"]

{[%evp 0,89,18,-4,41,49,72,47,65,66,52,24,15,1,-3,-8,0,0,16,6,39,-19,8,-17,-7,
-19,9,-14,31,29,17,-22,-22,-10,13,-6,1,-46,-53,-65,33,39,50,38,73,34,199,203,
219,214,292,309,309,308,317,313,313,297,328,313,386,262,275,262,358,265,233,
262,298,234,328,325,324,311,336,336,336,354,378,375,372,379,407,423,465,470,
472,412,422,416,429,436]} 1. e4 c5 2. Nf3 d6 3. Bb5+ Nd7 4. O-O a6 5. Bd3 Ngf6
6. c3 e6 ({More common:} 6... b5 7. Bc2 Bb7 8. Re1 e5 9. d4 Be7 10. Nbd2 O-O
11. Nf1 Re8 {with a very familiar feel.}) ({Weirder:} 6... Ne5 $5 7. Nxe5 dxe5
8. Bc2 $13 {has a more unique aspect.}) 7. Bc2 Be7 8. d4 Qc7 9. Bg5 b5 10. Nbd2
Bb7 11. Re1 e5 {As occasionally happens, the Sicilian has transformed into a
Spanish (Ruy Lopez) structure.} 12. Rc1 O-O 13. Nf1 Rfe8 14. Ng3 h6 15. Bxf6
Nxf6 16. d5 a5 17. Nd2 a4 18. Bd3 (18. c4 $1 $13) 18... c4 19. Be2 a3 $6 ({
No need to rush forward. Stockfish gives} 19... Bc8 $1 {, apparently with the
point that from d7, the bishop defends b5, and eventually the threat of a
tactical advance will force White into either b3 or a3, creating either a
passed black a-pawn or a big hole on b3.^^If White tries to break up the
queenside pawns right away, things go awry:} 20. b3 (20. a3 Nd7 $17) 20... cxb3
21. axb3 (21. Bxb5 Bg4 $1 22. Ne2 Reb8 23. Bc6 b2 24. Rb1 a3 $17) 21... Bd7 $17
) 20. b3 cxb3 21. Qxb3 Ba6 (21... Reb8) 22. Qxa3 $6 {Black has plenty of
compensation for the pawn here -- really it's hard to worry at all about the
pawn at this stage. Black's bishop-pair and nice potential outposts for the
knight, open lines for the majors, and pressure on weak white pawns probably
should be evaluated as a slight edge.} (22. c4 {might be better, starting to
eliminate weak pawns on the road to equality.}) 22... b4 $4 {Apparently just
an oversight, perhaps missing that the black queen would be under attack after
cxb4, or the error could have been slightly deeper, thinking ...Bxe2 would be
possible.} 23. cxb4 Qb6 (23... Bxe2 24. Qxa8 Qxc1 25. Qxe8+ {game over.}) 24.
Rc6 Qd4 25. Nb3 Bxe2 26. Qxa8 Qxb4 27. Qa5 {Not much more to say. All the
tactics work for White.} Qxa5 28. Nxa5 Bd3 29. Nc4 Ra8 30. Nb2 Bb5 31. Rb6 Be8
32. a4 Nd7 33. Rb7 Bd8 34. Nd3 Rxa4 35. Nf5 Ra6 36. Nb4 Rb6 37. Rxb6 Bxb6 38.
Nxd6 Bc5 39. Nxe8 Bxb4 40. Rb1 Bc5 41. Rb7 Nb6 42. Nd6 Nxd5 43. exd5 Bxd6 44.
Rd7 Bc5 45. Rd8+ Kh7 46. d6 Kg6 47. d7 Kf6 48. Re8 Bb6 49. d8=Q+ Bxd8 50. Rxd8
Ke6 51. Kf1 1-0

[Event "Oregon Open"]
[Site "Chess.com"]
[Date "2020.09.07"]
[Round "5"]
[White "Moore, Michael"]
[Black "Tang, Zoey"]
[Result "1-0"]
[WhiteElo "1950"]
[BlackElo "2097"]
[Annotator "Ralph Dubisch"]
[PlyCount "79"]
[EventDate "2020.09.05"]
[EventType "swiss"]
[EventRounds "6"]

{[%evp 0,52,18,24,36,41,90,65,51,30,26,25,49,22,72,54,43,30,26,-6,9,-35,-25,
-24,-44,-17,5,1,13,8,9,1,24,15,3,20,0,-1,-1,14,14,-6,-9,-10,0,-39,-25,-21,46,
81,81,80,77,82,114]} 1. e4 c5 2. Nf3 d6 3. d4 cxd4 4. Nxd4 Nf6 5. Nc3 Nc6 6.
Bg5 e6 7. Qd2 Be7 8. O-O-O O-O {(Diagram after 8...0-0} 9. Nxc6 $6 ({Mr. Moore
often goes his own way in the opening around move nine or ten.} 9. f4 {is the
most popular -- and the most theoretical -- line here.} Nxd4 (9... h6 10. h4 $5
) 10. Qxd4 Qa5 11. Bc4 (11. Kb1 $5) 11... Bd7 12. e5 dxe5 13. fxe5 Bc6 14. Bd2
Nd7 (14... Bc5 15. Qh4 Nd7 {with complications.}) 15. Nd5 Qd8 16. Nxe7+ Qxe7
17. Rhe1 Rfd8 $14 {: bishop-pair advantage for White, two vs three
pawn-islands structural edge to Black, but White's pieces are more mobile and
agressive, and the e5-pawn confers space to maneuver as well. Theory (and
several games) actually continues further from here:} 18. Qg4 Nf8 19. Bd3 Rd5 (
19... Rxd3 $5 20. cxd3 Qd7 21. Bb4 Ng6 $14 {has been tried more than once.})
20. Bb4 ({or} 20. Be4 Rd7 21. Bb4 Rxd1+ 22. Rxd1) 20... Qd8 21. Bd6 Ng6 $14 {
But enough on the theory tangent. Back to the real chess.}) 9... bxc6 10. f4 d5
11. Be2 Rb8 12. Qe3 Qc7 $6 (12... h6 13. h4) (12... c5) 13. e5 $1 Ne8 (13...
Qb7 $1 14. b3 (14. Na4 Ne4 15. Bxe7 Qxe7 16. Bf3 Rb4 17. Rd4 Rxd4 18. Qxd4 c5
$13) 14... Ba3+ 15. Kb1 Nd7 $13) 14. Bxe7 Qxe7 15. Na4 {Suddenly White
establishes good knight vs bad bishop, with a strong bind on the dark squares.}
Qb4 (15... Rb4 16. Rd4 Nc7 17. c3 $6 (17. Qc3 Rxd4 18. Qxd4 $14) 17... Rb5 $1)
16. Rd4 Qa5 17. Qc3 Qxc3 18. bxc3 $5 Nc7 19. Nc5 f6 {(#Diagram after 19...f6}
20. Re1 ({More accurate is} 20. Rf1 $1 {, when} fxe5 $2 21. fxe5 Rxf1+ 22. Bxf1
{succeeds only in exchaning Black's remaining active piece. Black's position
is very difficult, and may already be lost.}) 20... fxe5 21. fxe5 a5 (21... Rf2
{probably doesn't equalize, but may offer more hope.} 22. Ra4 (22. Bf3 Ba6) (
22. Bf1 Nb5 23. Rb4 Rb6 24. Kb2 d4 25. c4 Nc3 26. a3 $16 {seems a dance too
intricate for the bulls-in-the-china-shop role that rooks normally play. Nb3
is coming soon to undermine much of Black's counterplay.}) 22... Nb5 23. Bxb5
Rxb5 24. Nd3 Rf7 25. c4 $14 {.}) 22. Kd2 Nb5 (22... Rf2 23. Rg4) 23. Rg4 Rf5 $2
24. Bd3 Rf2+ 25. Ke3 Rf7 26. Rb1 $1 Ra8 27. Rb3 $18 {All of Black's activity
has been Petrosianed off the board, leaving only the problem of organizing the
final onslaught. White manages this in exemplary style.} g6 28. a4 d4+ 29. cxd4
Nc7 30. c4 Na6 31. Ne4 Nb4 32. Nf6+ Kh8 {(#Diagram after 32...Kh8} 33. Bxg6 $1
hxg6 34. Rh4+ Kg7 35. Rh7+ Kf8 36. Rh8+ Kg7 37. Rg8+ Kh6 38. Kf4 Nd5+ 39. cxd5
exd5 40. g4 {Notice that the c8-bishop never left its square.} 1-0

[Event "Oregon Open"]
[Site "Chess.com"]
[Date "2020.09.07"]
[Round "6"]
[White "Chen, Megan"]
[Black "Moore, Michael"]
[Result "1/2-1/2"]
[WhiteElo "1826"]
[BlackElo "1950"]
[Annotator "Ralph Dubisch"]
[PlyCount "116"]
[EventDate "2020.09.05"]
[EventType "swiss"]
[EventRounds "6"]

{[%evp 0,59,18,16,45,23,29,-16,25,19,22,18,28,17,13,17,8,7,20,19,-24,-31,55,32,
21,17,40,40,7,7,12,-42,-41,-41,29,32,102,53,200,174,181,175,193,186,186,157,
153,146,137,115,114,126,141,121,138,119,122,75,56,79,108,86]} 1. e4 c5 2. d4
cxd4 3. c3 dxc3 4. Nxc3 Nc6 5. Nf3 e6 ({There are lines in which Black does
without ...a6 and queenside expansion, such as} 5... d6 6. Bc4 e6 7. O-O Nf6 8.
Qe2 Be7 9. Rd1 e5 10. h3 O-O 11. Be3 Be6 12. Bxe6 fxe6 {. White has partial
compensation for the pawn.}) 6. Bc4 a6 7. O-O b5 8. Bb3 Na5 9. Bc2 Bb7 10. e5 {
This is a good point to pause and discuss positional features. ^^Black has an
extra backward pawn, of course, on the d-file. He has queenside space and good
control of the c4-square on the open file. The long diagonal looks useful, and
the f8-bishop has potential. The g-knight will take a few moves to find a
purpose, but could prove helpful on c4, d5, f5, or g6. The queen, and
especially the king, have yet to find secure lodging. ^^White has central
space and some control over the dark squares, with the e5-pawn keeping an eye
on d6 and f6. Her king is secure, there are plenty of open lines for rooks and
bishops, and good places to drop a knight, if given a chance. ^^White's
development advantage is approaching the Smith-Morra gambit "holy grail"
number of three moves, assumed by adherents to be at least adequate
compensation for a pawn.} d6 ({Black challenges the advanced central pawn, but
at the cost of allowing further development for White.} 10... Rc8 $5 11. Ne4 (
11. Bg5 $4 Bxf3 $19 {, an extra bonus of removing the rook from a8.}) 11... Be7
$15 {, followed by ...f5, is an attempt to close the development gap while
improving the two major positional plusses for Black: the c-file and long
diagonal.}) 11. Bg5 $1 Qc7 (11... Be7 12. Bxe7 Nxe7 13. exd6 Nd5 $13) 12. exd6
Bxd6 13. Ne4 Be7 14. Bxe7 Kxe7 (14... Nxe7 $4 15. Nd6+ Kf8 16. Ng5 $18) (14...
Qxe7 $2 15. Nd6+ Kf8 16. Ne5 $16) 15. Qe2 (15. Qd4 $1 Qxc2 $4 (15... Nf6 16.
Qb4+ $16) ({or} 15... Kf8 16. Rfd1 Ne7 17. Rac1 {with very definite and more
than sufficient compensation for the pawn.}) 16. Qb4+ Ke8 17. Nd6+ Kf8 18.
Nxb7+ Ne7 19. Nxa5 $18) 15... Nf6 16. Rfd1 Nxe4 ({Black is very comfortable
after} 16... Rhd8 $1 17. Nxf6 (17. Rac1 Rxd1+ 18. Rxd1 (18. Qxd1 $2 Rc8 $19)
18... Nd5 $17) 17... gxf6 18. Bxh7 Qf4 $17 {.}) 17. Bxe4 Bxe4 $2 (17... Rac8
18. Bxb7 Nxb7 $13) 18. Qxe4 Qc4 19. Rd7+ $1 ({Or} 19. Qe3 $1 {, eying Qg5+ as
well as swinging rooks to the center files, when Black has huge problems with
king safety.}) 19... Kxd7 20. Ne5+ Ke7 21. Nxc4 Nxc4 {White's active queen and
rook combined with the exposed black king should prove decisive, despite the
near equality in material terms.} 22. b3 (22. Qb7+ Kf6 23. a4) 22... Nd6 23.
Qh4+ f6 24. Qg3 g6 25. Qe3 Nf5 26. Qc5+ Kf7 27. Rd1 Rhe8 28. Qc7+ Re7 29. Qc6
Raa7 30. g4 ({Black has done a little to repair the king safety issues and his
pieces are beginning to be better coordinated, but there are still problems.} 
30. h3 {for luft, and then perhaps White can try to infiltrate on the back
rank.}) 30... Rec7 (30... Nh4 $5 $16) 31. Qb6 Ne7 32. Qb8 Kg7 33. Rd8 ({
The attempt} 33. Qe8 g5 $1 34. Rd8 Rc1+ 35. Kg2 Ng6 $14 {fails to force a win.}
) 33... Rab7 34. Qa8 Ra7 35. Qe4 Rc6 (35... Nd5 $5 {, since} 36. Qxe6 $4 Rc1+
37. Kg2 Nf4+ {.}) 36. g5 $1 Rac7 37. gxf6+ Kxf6 38. Qh4+ (38. Rf8+ Kg7 39. Re8
{also sets Black some problems that are very difficult to solve.}) 38... g5 39.
Qh6+ Ke5 40. Qg7+ Kf5 41. Rf8+ Ke4 42. Qxg5 Nf5 43. Qg4+ (43. Qd2 $1 Rc1+ 44.
Kg2 R7c2 45. Qd7 {.}) (43. Rf7 $5 {, with the idea} Rxf7 44. Qg2+) 43... Ke5 ({
Black might try running toward the queenside instead:} 43... Kd3 44. Rd8+ Kc3 {
.}) 44. Qe2+ Kd6 45. Qd2+ Ke5 46. f4+ $4 ({Save the pawn check until it wins
material! Among others:} 46. Qb2+ Ke4 47. Qe2+ Kd5 48. Rd8+ Rd6 49. Qd3+ Ke5
50. f4+ {.}) 46... Ke4 47. Qg2+ Kxf4 48. Qg3+ Ke4 49. Qg4+ Ke3 50. Qg5+ Kf3 51.
Qg2+ Ke3 52. Qf2+ Ke4 53. Qe2+ Kf4 54. Rd8 Rc2 55. Qf1+ Ke5 56. Qa1+ Kf4 57.
Qf1+ Ke5 58. Qa1+ Kf4 {Black's tenacity saves the half point.} 1/2-1/2